Parto con forceps.

Guardado en:
Formato: Deslizar
Materias:
Etiquetas: Agregar Etiqueta
Sin Etiquetas, Sea el primero en etiquetar este registro!
LEADER 00632ngm a22002175g 4500
001 CEM.cems021748
008 130507b1991##################0###0#####d
005 20240909135126.0
245 0 0 |a Parto con forceps. 
300 |a 6 
500 |a En soporte VHS, consultar en ventanilla. 
505 0 |a Parto con forceps 
538 |a Soporte: VHS - Norma: Pal N - Color - Grabación DRD 1991 - Hitachi=1066 
082 6 1 |/ REL 
653 |a MEDICINA 
653 |a PARTO 
653 |a BIOLOGIA 
653 |a ANATOMIA 
653 |a FORCEPS 
653 |a NIVEL SECUNDARIO 
859 |a CEMS  |b BIB. CEMS - Depto. Recursos Didacticos  |h 618  |i REL  |k DRD  |p 391.12  |t Ej.1